000 00603 a2200205 4500
003 IN-BaIIA
005 20260703153351.0
008 260701b |||||||| |||| 00| 0 eng d
020 _a978-0-521-53780-3
040 _cIIA LIB
080 _a530.12
_bPOI
100 _aPoisson, Eric
_949449
245 _aA relativist's toolkit
_bthe mathematics of black-hole mechanics
_cEric poisson
260 _aNew york
_bCambridge university press
_c2007
300 _axvi, 233p.
650 _aGeneral relativity
_93824
650 _aBlack holes
_97728
650 _aMathematical physics
_91525
942 _2udc
_cBK
999 _c36202
_d36202